Normal view
MARC view
Entry Personal Name
001 - CONTROL NUMBER
- control field: 36983
003 - CONTROL NUMBER IDENTIFIER
- control field: ARRUPE
005 - DATE AND TIME OF LATEST TRANSACTION
- control field: 20171010151138.0
008 - FIXED-LENGTH DATA ELEMENTS
- fixed length control field: 171010|| aca||aabn | a|a d
040 ## - CATALOGING SOURCE
- Original cataloging agency: ARRUPE
- Transcribing agency: ARRUPE
100 ## - HEADING--PERSONAL NAME
- Personal name: Eastman, Richard M.
670 ## - SOURCE DATA FOUND
- Source citation: Work cat.: (ARRUPE): Eastman, Richard M., Aguide to the novel, 1965